Ready notes for use with essentials of corporate finance. / (Record no. 2479)

MARC details
000 -LEADER
fixed length control field 00600nam a22001817a 4500
008 - FIXED-LENGTH DATA ELEMENTS--GENERAL INFORMATION
fixed length control field 121101t xxu||||| |||| 00| 0 eng d
020 ## - INTERNATIONAL STANDARD BOOK NUMBER
International Standard Book Number 9780073251301
050 ## - LIBRARY OF CONGRESS CALL NUMBER
Classification number HF4026.C6433
100 ## - MAIN ENTRY--PERSONAL NAME
Personal name Ross, Stephen A.
245 ## - TITLE STATEMENT
Title Ready notes for use with essentials of corporate finance. /
Statement of responsibility, etc. Stephen A. Ross, Randolph W. Westerfield and Bradford D. Jordan
250 ## - EDITION STATEMENT
Edition statement 5th ed.
260 ## - PUBLICATION, DISTRIBUTION, ETC.
Place of publication, distribution, etc. New York:
Name of publisher, distributor, etc. McGraw Hill,
Date of publication, distribution, etc. c2007.
300 ## - PHYSICAL DESCRIPTION
Extent various pagings:
Dimensions 27cm.
650 ## - SUBJECT ADDED ENTRY--TOPICAL TERM
Topical term following geographic name entry element Corporate finance (study guide)
700 ## - ADDED ENTRY--PERSONAL NAME
Personal name Westerfield, Randolph W.
700 ## - ADDED ENTRY--PERSONAL NAME
Personal name Jordan, Bradford D.
942 ## - ADDED ENTRY ELEMENTS (KOHA)
Source of classification or shelving scheme Library of Congress Classification
Koha item type Books
Holdings
Withdrawn status Lost status Source of classification or shelving scheme Damaged status Not for loan Home library Current library Shelving location Date acquired Total Checkouts Full call number Barcode Date last seen Price effective from Koha item type
    Library of Congress Classification     WISCONSIN INTERNATIONAL UNIVERSITY COLLEGE, GHANA - MAIN LIBRARY WISCONSIN INTERNATIONAL UNIVERSITY COLLEGE, GHANA - MAIN LIBRARY General Stacks 01/11/2012   HF4026.C6433 3093/12 01/11/2012 01/11/2012 Books

If you have any concerns or questions; kindly contact the library


© Powered by WIUC ICT DIRECTORATE